Flags of the Middle East - Statistics

General Stats
  • This quiz has been taken 62,294 times
    62,290 since last reset
  • The average score is 14 of 16
Answer Stats
Picture Answer % Correct
Israel
99%
Turkey
99%
Saudi Arabia
97%
Lebanon
95%
Cyprus
94%
Iran
94%
Egypt
91%
Qatar
91%
Iraq
90%
Syria
86%
Bahrain
85%
Yemen
82%
Jordan
81%
United Arab Emirates
80%
Oman
79%
Kuwait
78%
No matching quizzes found
Score Distribution
Percent of People with Each Score
Percentile by Number Answered
Your Score History
You have not taken this quiz since the last reset